| 000 | 00610nam a2200217 u 4500 | ||
|---|---|---|---|
| 005 | 20240228064157.0 | ||
| 008 | 141118s2005 r 000 0 eng d | ||
| 020 | _a8478649956 | ||
| 035 | _aUPN01000200777 | ||
| 049 | _aI | ||
| 050 | 4 |
_aPZ78 _bE8.92 |
|
| 100 | 1 |
_aEspluga, María _935527 |
|
| 245 | 1 | 0 |
_aYo, bailarina / _cMaría Espluga. |
| 260 |
_aMadrid : _bCombel, _c2005. |
||
| 300 |
_a[28] p. : _bprincipalmente il. col. |
||
| 440 | 0 | _aYo quiero ser | |
| 650 | 7 |
_aLibros ilustrados para niños _2 _921365 |
|
| 650 | 4 |
_aLibros y lectura para niños _92290 |
|
| 905 | _aInfantil | ||
| 999 |
_c172878 _d172878 |
||